000 00306nam a22001457a 4500
003 SGT
020 _a9789395759106
082 _a346.015
_bDIW
100 _aDIWAN PARAS
245 _aFAMILY LAW
250 _a13
260 _aFARIDABAD
_bALLAHABAD LAW AGENCY
_c2023
300 _a617
942 _2ddc
_cBK
_021
999 _c25737
_d25737